00573nam a2200169Ia 4500008004100000020002000041040001900061041001200080082002800092245010300120260004700223300002600270650002600296651003300322700002700355850002100382131103s9999 xx 000 0 und d aSBN 03-084188-7 aLoreto College aEnglish a808.83/HUGbLCLIB/22777 aStudies in short fictionb five short novels and twenty-five stories cedited by Douglas A. Hughes aNew YorkbHolt, Rinehart and Winstonc1971 axix, 611 p. c 22 cm. aEnglish Literature -  aFiction - Novels - Story -  aHughes, Douglas A, ed. aLCLIB/808.83/HUG